000 00882nmm a2200277 a 4500
001 ocm0001256808
003 TR-IsHL
005 20201028160438.0
008 150709s2015 tu eng
007 cr cn
020 _a9781329597136
035 _a1256808
_b(N$T)
050 0 4 _aPL248.T67
_bS3 2015
090 0 4 _aPL248.T67
_bS3 2015
100 1 _aTopal, Sezai
245 1 0 _aThe scream in my body
_h[electronic resource] /
_cSezai Topal ; translated by Deniz Tanış
260 _aİstanbul :
_bE-Kitap Projesi,
_c2015
300 _a348 p.
650 4 _aDil ve Edebiyat
650 4 _aLanguage and Literature
650 0 _aTürk romanı
650 0 _aTurkish fiction
650 7 _aLITERARY COLLECTIONS / Middle Eastern
_2bisacsh
700 1 _aTanış, Deniz
856 4 0 _uhttp://search.ebscohost.com/login.aspx?direct=true&scope=site&db=e011xww&AN=1256808
999 _c13606
_d13606